Reyes de España - Estadísticas

Estadísticas generales
  • Esta prueba ha sido intentada 10.762 veces
  • La puntuación promedio es 8 de 10
Estadísticas de respuestas
Rey/Reina % Correcto
Felipe
99%
Carlos
96%
Juan Carlos
93%
Fernando
92%
Isabel
91%
Alfonso
83%
José
83%
Amadeo
70%
Juana
65%
Luis
59%
No se encontraron pruebas coincidentes
Distribución de puntuación
Porcentaje de gente con cada puntuación
Porcentaje por número respondido
Historial de tus puntuaciones
No has intentado esta prueba.